000 00283nam a22000977a 4500
999 _c11186
_d11186
008 181008b ||||| |||| 00| 0 eng d
020 _a9780007492589
100 _aGOYAL
_96943
245 _aCollins Easy Learning German Crammer and Practice
260 _aNew Delhi
_bGoyal Publication
_c2017